000 00470nam a2200205Ia 4500
005 20250425162710.0
008 250425s9999 xx 000 0 und d
041 _aeng
043 _ait
082 _a639.8
245 0 _aAQUACULTURE APPLICATION OF CONTROLLED DRUG AND VACCINE DELIVERY
250 _aS.E
260 _aItalia
_bINCO
_c1997
260 _aVICENZA
300 _a94
650 _aACUACULTURA
650 _aDROGAS
942 _c01
010 _a97397
999 _c234607
_d234607